000 00651nam a2200241Ia 4500
003 OSt
005 20221007123933.0
006 a|||||r|||| 00| 0
007 ta
008 221006b |||||||| |||| 00| 0 eng d
020 _a9780080451442 (hbd)
024 _a82548
037 _cTextbook
040 _aCDL
_cCDL
_beng
041 _2eng
_aeng
100 _aGuenet Jean-Michel
_9718164
245 0 _aPolymer-solvent molecular compounds
260 _aAmterdam
_bElsevier
_c2008
300 _axv,311p.
_ccm.
500 _aReferences 286-306p.; Index 307-311p'.
942 _cTB
_2CC
999 _c1212682
_d1212682